The use of mathematics in business
| Main Author: | |
|---|---|
| Format: | Book |
| Published: |
New York
Alexander Hamilton Institute
c1977
|
| Series: | Modern business
v. 14 |
| Subjects: |
MARC
| LEADER | 00000cam a2200000 7i4500 | ||
|---|---|---|---|
| 001 | 0000006596 | ||
| 008 | 021119s1977 | ||
| 090 | 0 | 0 | |a HF5351 |b .M62 |
| 100 | 0 | |a Parsons, James A. |e author | |
| 245 | 1 | 4 | |a The use of mathematics in business |c James A. Parsons |
| 260 | 2 | |a New York |b Alexander Hamilton Institute |c c1977 | |
| 300 | |a 322 p., 17 p. |c 22 cm | ||
| 440 | 0 | 0 | |a Modern business |v v. 14 |
| 650 | 0 | |a Business mathematics | |
| 999 | |a 1000033301 |b Book |c Reference |e Gong Badak Campus | ||